000 01634nam a2200457 i 4500
001 16443
003 KOSZ 005
005 20191024143639.0
008 040519s1975 pl a f |001 0 pol
015 _aPB 1976/39
035 _a991023341299705066
035 _a(PL-WaBN)b1639656x-48omnis_nlop
035 _ab1639656x
035 _a(OCoLC)749392822
035 _a(PL)b0000001639656
035 _a(EXLNZ-48OMNIS_NETWORK)9910107145705606
040 _aWA N
_cWA N
_dKOSZ 005/EG
041 1 _apol
_heng
046 _k1975
080 _a53
100 1 _aCooper, Leon N.
_d(1930- )
_eAutor
245 1 0 _aIstota i struktura fizyki /
_cLeon N. Cooper ; [z ang. przeł. Jan Kozubowski et al.].
246 1 _iTyt. oryg.:
_aIntroduction to the meaning and structure of physics
260 _aWarszawa :
_bPańst. Wydaw. Naukowe,
_c1975.
300 _a838, [2] s., [1] k. tabl. (kolor.) :
_bil., tab., wykr., err. ;
_c25 cm.
336 _2rdacontent
_aTekst
_btxt
337 _2rdamedia
_aBez urządzenia pośredniczącego
_bn
338 _2rdacarrier
_aWolumin
_bnc
380 _aKsiążki
388 _a1901-2000
388 _a1945-1989
500 _aTyt. oryg.: An introduction to the meaning and structure of physics, 1968.
504 _aBibliogr. Indeks.
650 7 _aFizyka
_2DBN
658 _aFizyka i astronomia
700 1 _aKozubowski, Jan A.
_d(1937-2008)
_eTłumaczenie
710 2 _aPaństwowe Wydawnictwo Naukowe
856 _uhttp://koha.tu.koszalin.pl/cgi-bin/koha/opac-detail.pl?biblionumber=16443
_yKatalog online BPK
942 _2UKD
_cKS
999 _c16443
_d16443